Ani žatva neprinesie spokojnosť Partitúru už máme (len podľa nej brať)

Bibliographic Details
Main Authors: Kršek, Jozef (Author), Šimonovičová, Alžbeta, 1949- (Author)
Format: Article
Language:Slovak
PhysicalDescription:Fot. 1.
Subjects:

MARC

LEADER 00000nab a2200000 a 4500
001 vtls000432205
003 SK-MaSNL
005 20260302233658.0
008 120925c1991 xo 0 slo
015 |a SNBRB19rr/mm-uuuuu 
035 |a CL0432333 
040 |a SNKBUCL  |b slo  |c SNKBUCL  |e AACR2 
041 0 |a slo 
044 |a xo  |c SK 
080 |a 338.43  |2 1981 
100 1 |a Kršek, Jozef  |4 aut  |9 747813 
245 1 0 |a Ani žatva neprinesie spokojnosť  |b Partitúru už máme (len podľa nej brať)  |c Jozef Kršek, Alžbeta Šimonovičová 
300 |b Fot. 1. 
650 0 7 |a poľnohospodárstvo  |2 snkbucl  |9 679 
655 7 |a články z novín a časopisov  |2 snkbucl  |9 267496 
700 1 |a Šimonovičová, Alžbeta,  |d 1949-  |4 aut  |9 5442 
773 0 |t Nové slovo  |g Roč. 33, č. 33 (1991), s. 6-7 
850 |a Slovenská národná knižnica v Martine  |a MTA001 
852 |a SNK  |b KIS3GCP 
958 |a RK 
992 |a RBX 
999 |c 1547421  |d 1549351